000 00382nam a22001697a 4500
005 20170330120037.0
008 170330b xxu||||| |||| 00| 0 eng d
020 _a81-219-1787-5
041 _aeng
100 _aPRAKASH,SATYA
_93734
245 _aADVANCED INORGANIC CHEMISTRY
250 _aII
260 _bS CHAND
300 _a1391
650 _aENGINEERNG
_93735
942 _cBK
999 _c5359
_d5357